| 000 | 00900cam a2200265 a 4500 | ||
|---|---|---|---|
| 999 |
_c3122 _d3122 |
||
| 003 | OSt | ||
| 005 | 20210817115802.0 | ||
| 008 | 091113s2010 maua 001 0 eng | ||
| 020 | _a9780205617449 | ||
| 020 | _a0205617441 | ||
| 040 | _cDLC | ||
| 050 | 0 | 0 |
_aPE1408 _b.J753 2010 |
| 100 | 1 | _aJohnson-Sheehan, Richard. | |
| 245 | 1 | 0 |
_aWriting today / _cRichard Johnson-Sheehan, Charles Paine. |
| 260 |
_aBoston : _bLongman, _cc2010. |
||
| 300 |
_axxi, 863 p. : _bill. (chiefly col.) ; _c24 cm. |
||
| 500 | _aIncludes index. | ||
| 650 | 0 |
_aEnglish language _xRhetoric. |
|
| 650 | 0 | _aReport writing. | |
| 650 | 0 | _aStudy skills. | |
| 700 | 1 |
_aPaine, Charles, _d1957- |
|
| 906 |
_a7 _bcbc _corignew _d1 _eecip _f20 _gy-gencatlg |
||
| 942 |
_2lcc _cBK _nMG |
||